Welcome to WEB OPAC of MRSPTU Central Library

Hydraulic laboratory manual (Record no. 4903)

MARC details
000 -LEADER
fixed length control field 00391nam a2200157Ia 4500
008 - FIXED-LENGTH DATA ELEMENTS--GENERAL INFORMATION
fixed length control field 230711s9999||||xx |||||||||||||| ||und||
041 ## - LANGUAGE CODE
Language code of text/sound track or separate title ENG
082 ## - DEWEY DECIMAL CLASSIFICATION NUMBER
Classification number 620
Item number LI-H
100 ## - MAIN ENTRY--PERSONAL NAME
Personal name Likhi,S.K
245 #0 - TITLE STATEMENT
Title Hydraulic laboratory manual
250 ## - EDITION STATEMENT
Edition statement 1st . Ed.
260 ## - PUBLICATION, DISTRIBUTION, ETC.
Date of publication, distribution, etc. 1995
Place of publication, distribution, etc. New Delhi
Name of publisher, distributor, etc. New Age International Publishers
300 ## - PHYSICAL DESCRIPTION
Extent 95
650 ## - SUBJECT ADDED ENTRY--TOPICAL TERM
Topical term or geographic name entry element Mechanical Engineering
942 ## - ADDED ENTRY ELEMENTS (KOHA)
Koha item type Book
Holdings
Withdrawn status Lost status Damaged status Not for loan Collection Home library Current library Date acquired Total checkouts Full call number Barcode Date last seen Price effective from Koha item type
          MRSPTU Central Library MRSPTU Central Library     620 LI-H 17616 08/17/2023 08/17/2023 Book
          MRSPTU Central Library MRSPTU Central Library     620 LI-H 17617 08/17/2023 08/17/2023 Book
          MRSPTU Central Library MRSPTU Central Library     620 LI-H 17618 08/17/2023 08/17/2023 Book
          MRSPTU Central Library MRSPTU Central Library     620 LI-H 17619 08/17/2023 08/17/2023 Book
          MRSPTU Central Library MRSPTU Central Library     620 LI-H 17620 08/17/2023 08/17/2023 Book
          MRSPTU Central Library MRSPTU Central Library     620 LI-H 17621 08/17/2023 08/17/2023 Book
          MRSPTU Central Library MRSPTU Central Library     620 LI-H 17622 08/17/2023 08/17/2023 Book
          MRSPTU Central Library MRSPTU Central Library     620 LI-H 17623 08/17/2023 08/17/2023 Book
          MRSPTU Central Library MRSPTU Central Library     620 LI-H 17624 08/17/2023 08/17/2023 Book
          MRSPTU Central Library MRSPTU Central Library     620 LI-H 17625 08/17/2023 08/17/2023 Book
          MRSPTU Central Library MRSPTU Central Library     620 LI-H 17626 08/17/2023 08/17/2023 Book
          MRSPTU Central Library MRSPTU Central Library     620 LI-H 17627 08/17/2023 08/17/2023 Book
          MRSPTU Central Library MRSPTU Central Library     620 LI-H 17628 08/17/2023 08/17/2023 Book
          MRSPTU Central Library MRSPTU Central Library     620 LI-H 17629 08/17/2023 08/17/2023 Book
          MRSPTU Central Library MRSPTU Central Library     620 LI-H 17630 08/17/2023 08/17/2023 Book

Website Designed and Developed by MRSPTU Central Library Team

E-mail Id: librarian@mrsptu.ac.in